[Event "XXXVIII Abierto Internacional "]
[Site "Sevilla (SPAIN)"]
[Date "2013.01.16"]
[Round "6.2"]
[White "POGORELOV, Ruslan"]
[Black "BELEZKY, Alexander"]
[Result "0-1"]
[WhiteElo "2409"]
[BlackElo "2427"]
[Annotator "Montecatine,R"]
[PlyCount "94"]
[EventDate "2013.01.11"]

1. d4 Nf6 2. c4 Nc6 3. Nf3 e6 4. Nc3 Bb4 5. Qc2 d6 6. a3 Bxc3+ 7. Qxc3 a5 8. b3
O-O 9. Bb2 Re8 10. Rd1 Qe7 11. d5 Nb8 12. e3 e5 13. h3 Bf5 14. b4 Ne4 15. Qb3
Na6 16. Be2 axb4 17. axb4 c5 18. b5 (18. dxc6 bxc6 19. O-O Reb8 20. Ra1 $11)
18... Nb4 $15 19. O-O Ng5 20. Rc1 Nxf3+ 21. Bxf3 Qg5 {Diagrama #} 22. Kh2 $6 (
22. e4 $1 Bxh3 23. Ba3 Rec8 24. Bxb4 cxb4 25. Ra1 $11) 22... Qg6 $17 23. Ra1 (
23. Bd1 Bd3 24. Re1 Ra2 25. Be2 Rea8 $17) 23... Bc2 $17 24. Qc3 Na2 25. Qd2 $6
(25. Rxa2 Rxa2) 25... Qd3 $19 26. Qxd3 Bxd3 27. Rfd1 Bxc4 28. Rd2 e4 29. Bd1
Bxb5 30. Bxg7 Kxg7 31. Rdxa2 Rxa2 32. Rxa2 Bc4 33. Ra7 Bxd5 34. Kg3 f5 35. Kf4
Kf6 36. Bc2 h5 37. g3 Rh8 38. Ba4 h4 39. Bd7 hxg3 40. fxg3 Rxh3 41. Bxf5 Rh2
42. Bc8 Rf2+ 43. Kg4 Ke5 44. Kg5 Ra2 45. Rxa2 Bxa2 46. Bxb7 c4 47. Bc6 Bb3 0-1

[Event "XXXVIII Abierto Internacional "]
[Site "Sevilla (SPAIN)"]
[Date "2013.01.16"]
[Round "6.6"]
[White "CAMPORA, Daniel H"]
[Black "BARRERO GARCIA, Carlos"]
[Result "1/2-1/2"]
[WhiteElo "2490"]
[BlackElo "2350"]
[Annotator "Montecatine,R"]
[PlyCount "87"]
[EventDate "2013.01.11"]

1. Nf3 Nf6 2. g3 g6 3. Bg2 Bg7 4. O-O d5 5. c4 O-O 6. cxd5 Nxd5 7. Nc3 Nb6 8.
d3 Nc6 9. Be3 h6 10. Qc1 Kh7 11. Rb1 e5 12. Nd2 Nd4 13. Qd1 a5 14. b3 c6 15.
Nc4 Nd5 16. Bd2 Bg4 17. f3 Be6 18. Kh1 (18. e3) 18... f5 $15 19. e3 Nb5 20. Na4
Nb4 (20... Qe7) 21. Nc5 Bc8 22. Qe1 $6 (22. a3 Nxd3 23. Bxa5 Rxa5 24. Qxd3 Qxd3
25. Nxd3 $11) 22... b6 $6 (22... Qe7 23. Na4 Be6 $15) 23. Na4 Nxd3 $6 (23...
Ra6 $11) 24. Qe2 $14 Be6 25. Ncxb6 Ra6 26. Rbd1 e4 27. fxe4 fxe4 28. Bxe4 Ne5 {
Diagrama #} (28... Rxf1+ 29. Rxf1 Ne5 30. Rf4 $16) 29. Rxf8 $6 (29. Bc3 $1 Nxc3
(29... Rxf1+ 30. Qxf1 Qc7 31. Bxe5 Qxe5 32. Qd3 Qh5 33. Rc1 $18) 30. Rxd8 Nxe2
31. Rdxf8 Bxf8 32. Rxf8 $18) 29... Qxf8 30. Rf1 Qd8 31. Nc4 (31. Rf4 $16) 31...
Nxc4 32. bxc4 Nd6 $2 (32... Na3 33. Bc3 Ra7 (33... Bxc4 34. Bxg6+ Kh8 (34...
Kxg6 35. Qg4+ Qg5 36. Qe4+ Kh5 37. Qe8+ $18) 35. Rd1 $18) 34. c5 Bc4 35. Rd1
$14) 33. Bd3 $6 (33. Bxg6+ Kxg6 34. Qd3+ Kh5 35. Nc5 $18) 33... Ra7 $14 34. Nc5
$6 (34. Rf4 $14) 34... Bf7 $2 (34... Bxc4 $11) 35. Qg4 (35. e4 Re7 36. Bf4 $16)
35... Qe8 (35... Nf5) 36. h4 (36. Kg2) 36... Kg8 $14 37. Qf3 $2 (37. Kg2) 37...
Bxc4 (37... Nxc4 38. Qxf7+ Rxf7 39. Bxc4 Qe5 40. Bxf7+ Kh7 $17) 38. Bxc4+ $6 (
38. e4 $15) 38... Nxc4 $17 39. Bc1 Rf7 $2 (39... Re7 40. Re1 Bc3 41. Re2 Rf7
$17) 40. Qxf7+ Qxf7 41. Rxf7 Kxf7 42. Kg2 h5 43. e4 Bd4 44. Nd3 1/2-1/2

[Event "XXXVIII Abierto Internacional "]
[Site "Sevilla (SPAIN)"]
[Date "2013.01.16"]
[Round "6.10"]
[White "RZAYEV, Bahruz"]
[Black "DAS, Arghyadip"]
[Result "1-0"]
[WhiteElo "2370"]
[BlackElo "2466"]
[Annotator "Montecatine,R"]
[PlyCount "93"]
[EventDate "2013.01.11"]

1. Nf3 d5 2. g3 c6 3. Bg2 Bf5 4. O-O e6 5. d3 h6 6. Nbd2 Nf6 7. b3 Be7 8. Bb2
O-O 9. c4 Bh7 10. a3 a5 11. Bc3 Na6 12. Qb1 c5 13. cxd5 exd5 14. e4 Re8 15. Re1
Nc7 16. Ra2 Bf8 17. Qa1 Ra6 18. e5 d4 19. Bb2 (19. Bxd4 cxd4 20. exf6 Rxf6 $11)
19... Nfd5 $15 20. Ne4 a4 21. b4 $2 (21. bxa4) 21... cxb4 22. Bxd4 Ne6 $19 23.
Rc1 (23. Bh3 Nxd4 24. Qxd4 b3 $19) 23... Nxd4 $6 (23... b5 24. Nc5 Nxc5 25.
Bxc5 Nc3 $19) 24. Nxd4 b3 25. Rd2 Qa5 26. Re2 Raa8 27. Bh3 Qb6 28. Nf5 (28. e6
fxe6 29. Rc4 Bxe4 30. dxe4 Qa6 $19) 28... Bxf5 $6 (28... Qg6 $19) 29. Bxf5 Nc7
30. d4 Nb5 31. Nc5 Red8 32. Bd7 Nxd4 $6 (32... Bxc5 33. dxc5 Qa5 $17) 33. Qxd4
$11 Bxc5 $2 (33... Rxd7 34. Qxd7 Bxc5 $11) 34. Rxc5 $18 Kh8 35. Rd5 $2 (35. Kg2
) 35... Qxd4 36. Rxd4 b5 $14 37. Red2 $11 (37. Rd6) 37... Rxd7 38. Rxd7 b4 39.
Rxf7 bxa3 40. Rb7 {Diagrama #} Rc8 $2 (40... b2 41. Rdxb2 axb2 42. Rxb2 $11)
41. e6 $2 (41. Rd4 $16) 41... a2 $2 (41... b2 42. Rbxb2 $11) 42. Rd1 $16 Re8
43. Rb6 g6 44. f4 Kg7 45. g4 Rd8 $6 (45... Kf6 46. Re1 $18) 46. Re1 Rd4 47.
Rb7+ 1-0

[Event "XXXVIII Abierto Internacional "]
[Site "Sevilla (SPAIN)"]
[Date "2013.01.16"]
[Round "6.11"]
[White "SGNAOLIN, Davide"]
[Black "ROY CHOWDHURY, Saptarshi"]
[Result "0-1"]
[WhiteElo "2269"]
[BlackElo "2451"]
[Annotator "Montecatine,R"]
[PlyCount "72"]
[EventDate "2013.01.11"]

1. c4 e5 2. Nc3 Nc6 3. g3 Bb4 4. Nd5 Bc5 5. Bg2 Nge7 6. Nf3 d6 7. d3 O-O 8. O-O
Nxd5 9. cxd5 Ne7 10. d4 exd4 11. Nxd4 Nf5 12. Nb3 Bb6 13. Bd2 Bd7 14. Bc3 Re8
15. a4 a6 16. a5 Ba7 17. e4 Nh6 18. Nd4 c5 19. dxc6 bxc6 20. Qd2 f6 21. Nc2 Nf7
22. Rfe1 (22. Ne3) 22... Rb8 23. Qd3 Qc8 24. Ne3 Bh3 25. Bh1 Rb5 26. Nc4 Rd8 {
Diagrama #} 27. Bd4 $2 (27. Rad1) 27... Ne5 $17 28. Bxe5 fxe5 29. Nb6 Bxb6 30.
axb6 Rxb6 31. Rec1 Be6 32. Ra5 c5 33. Rca1 c4 $19 34. Qc3 Qb7 35. R1a2 Rb3 36.
Qc2 c3 0-1

[Event "XXXVIII Abierto Internacional "]
[Site "Sevilla (SPAIN)"]
[Date "2013.01.16"]
[Round "6.12"]
[White "BARUA, Dibyendu"]
[Black "GONZALEZ GALVAN, Juan Manuel"]
[Result "1-0"]
[WhiteElo "2413"]
[BlackElo "2249"]
[Annotator "Montecatine,R"]
[PlyCount "81"]
[EventDate "2013.01.11"]

1. e4 c5 2. Nf3 Nc6 3. d4 cxd4 4. Nxd4 Nf6 5. Nc3 e5 6. Ndb5 d6 7. Bg5 a6 8.
Na3 b5 9. Nd5 Qa5+ 10. Bd2 Qd8 11. Bg5 Qa5+ 12. Bd2 Qd8 13. Nxf6+ Qxf6 14. Bd3
Qg6 15. Qf3 Be6 16. c3 Be7 17. Nc2 O-O 18. h4 Bg4 19. Qg3 {Diagrama #} d5 $6 (
19... f5 $14) 20. exd5 $16 e4 21. Bf1 h5 $6 (21... Na5) 22. dxc6 $18 e3 23.
Nxe3 Bd6 24. f4 Qe4 25. Qf2 Bxf4 26. Be2 Rad8 27. Bxg4 Rxd2 28. Kxd2 hxg4 29.
Rae1 Rd8+ 30. Kc1 Rd3 31. c7 Bxc7 32. Nc2 Qg6 33. Rd1 Bb6 34. Qe2 Rg3 35. Rd2
b4 36. Qe5 bxc3 37. bxc3 Rxg2 38. Rxg2 Qc6 39. Rxg4 f6 40. Qe4 Qxc3 41. Qc4+
1-0

[Event "XXXVIII Abierto Internacional "]
[Site "Sevilla (SPAIN)"]
[Date "2013.01.16"]
[Round "6.14"]
[White "LASINSKAS, Povilas"]
[Black "PISCOPO, Pierluigi"]
[Result "0-1"]
[WhiteElo "2183"]
[BlackElo "2407"]
[Annotator "Montecatine,R"]
[PlyCount "74"]
[EventDate "2013.01.11"]

1. d4 Nf6 2. c4 c5 3. d5 e6 4. Nc3 exd5 5. cxd5 d6 6. e4 g6 7. Bd3 Bg7 8. Nge2
O-O 9. f3 b6 10. O-O Ba6 11. Bg5 c4 12. Bc2 b5 13. a3 Qb6+ 14. Kh1 Nbd7 15. Qd2
Rfe8 16. Be3 Nc5 17. Nd4 Nfd7 18. Rg1 Rec8 19. f4 b4 $6 (19... Re8) 20. axb4
$16 Qxb4 21. Ba4 (21. Nc6 Qxb2 22. e5 Qb7 23. Ne7+ Kh8 24. Nxc8 Qxc8 25. e6 $16
) 21... Nxa4 22. Rxa4 Qb7 23. Rga1 (23. Nc6) 23... Nc5 {Diagrama #} 24. Rxa6 $2
(24. Ra5 $14) 24... Nxa6 $17 25. Nc6 Re8 26. Re1 $19 (26. Na5) 26... Bxc3 27.
Qxc3 Rxe4 28. f5 Nc5 29. Ra1 Qd7 $2 (29... Nd3) 30. Bg1 $2 (30. Bh6 $15) 30...
Rae8 $19 31. h3 Nd3 32. f6 Re1 $2 (32... Qb7) 33. Rxe1 $11 (33. Rxa7 $16) 33...
Rxe1 34. Ne7+ $2 (34. Qxc4 $11) 34... Rxe7 35. fxe7 Qxe7 36. Qxc4 Qe2 {
Diagrama #} 37. Bxa7 $2 (37. Kh2 $15) 37... Nf2+ 0-1

[Event "XXXVIII Abierto Internacional "]
[Site "Sevilla (SPAIN)"]
[Date "2013.01.16"]
[Round "6.17"]
[White "MORAIS, Vitor"]
[Black "PEREZ MITJANS, Orelvis"]
[Result "0-1"]
[WhiteElo "2087"]
[BlackElo "2496"]
[Annotator "Montecatine,R"]
[PlyCount "128"]
[EventDate "2013.01.11"]

1. d4 d5 2. Nf3 Nc6 3. g3 Bf5 4. Bg2 Qd7 5. O-O Bh3 6. Bf4 h5 7. Nc3 Bxg2 8.
Kxg2 h4 9. Nb5 Rc8 10. gxh4 (10. Nxh4) 10... Nf6 11. e3 Ne4 12. Qe2 f6 13. Kh1
e6 14. Rg1 Qf7 15. Rg2 a6 16. Nc3 Qh5 17. Nxe4 (17. Rag1) 17... dxe4 18. Ng1
Nb4 19. a3 Nd5 20. Bg3 c5 21. c4 Ne7 22. Qc2 cxd4 23. exd4 Qd5 24. Qa4+ (24.
cxd5 Rxc2 25. dxe6 Rxb2 26. f3 Rxg2 27. Kxg2 $14) 24... Qc6 25. Qxc6+ Rxc6 $15
26. c5 Nf5 27. Ne2 Nxh4 28. Bxh4 Rxh4 29. b4 g5 30. Nc3 Be7 31. Rd1 Kf7 32. d5
exd5 33. Nxd5 Rc8 34. Re1 Bd8 (34... Rd8) 35. Re3 $11 a5 36. f3 axb4 37. axb4
exf3 38. Rxf3 Ra8 39. Rd2 Ke6 40. b5 Rc4 {Diagrama #} 41. Rxf6+ $2 (41. Re3+
Kf7 42. Rc3) 41... Bxf6 42. Nc7+ Kf5 43. Nxa8 Rxc5 $17 44. b6 Be5 45. Kg2 Rc3
46. Ra2 g4 47. Rd2 Rh3 48. Kg1 Bf4 49. Re2 Ra3 50. Nc7 Be3+ 51. Kg2 Bxb6 52.
Nd5 Bc5 53. Rb2 Ra1 54. Kg3 Rg1+ 55. Kh4 g3 56. Nb4 Bd4 57. Rd2 Bf6+ 58. Kh5
Rh1 59. Nd3 Ke4 60. Kg4 Rxh2 61. Rxh2 gxh2 62. Nf2+ Ke3 63. Kg3 Bh4+ 64. Kxh2
Bxf2 0-1

[Event "XXXVIII Abierto Internacional "]
[Site "Sevilla (SPAIN)"]
[Date "2013.01.16"]
[Round "6.18"]
[White "LALIC, Bogdan"]
[Black "JUSTINIANO MARQUEZ, Marco Ant"]
[Result "1-0"]
[WhiteElo "2484"]
[BlackElo "2078"]
[Annotator "Montecatine,R"]
[PlyCount "91"]
[EventDate "2013.01.11"]

1. d4 e6 2. c4 b6 3. e4 Bb7 4. Bd3 Bb4+ 5. Bd2 Bxd2+ 6. Nxd2 Nh6 7. Ngf3 O-O 8.
O-O f5 9. Re1 Nc6 10. a3 a5 11. Rc1 Ne7 12. e5 c5 13. b4 axb4 14. axb4 cxb4 15.
Rb1 Ra3 16. Bf1 b5 17. Rxb4 Bxf3 18. Nxf3 bxc4 19. Bxc4 Qa8 20. Rb5 Rc8 21. Rc5
Rc3 22. Bb5 Qb7 23. Qa4 {Diagrama #} Ra8 (23... R3xc5 24. dxc5 Ra8) 24. Qxa8+
Qxa8 25. Rxc3 $16 Nd5 26. Rc5 Nf4 (26... Qb7) 27. Bxd7 Kf7 28. Bb5 Ng4 29. Rc2
Nh3+ 30. gxh3 Qxf3 31. Bf1 Nh6 32. Rc7+ Kg6 33. Re3 Qd1 34. Rg3+ Kh5 35. Rcxg7
f4 36. Rd3 Qe1 37. Rxh7 Kg6 38. Re7 Nf5 39. Rxe6+ Kg5 40. Re8 Qe4 41. d5 Nd4
42. d6 Ne2+ 43. Bxe2 Qxe2 44. d7 Qe1+ 45. Kg2 f3+ 46. Rxf3 1-0

[Event "XXXVIII Abierto Internacional "]
[Site "Sevilla (SPAIN)"]
[Date "2013.01.16"]
[Round "6.19"]
[White "MONTERO CAMPUZANO, Rafael"]
[Black "SERRANO SALVADOR, Eduardo"]
[Result "0-1"]
[WhiteElo "2072"]
[BlackElo "2349"]
[Annotator "Montecatine,R"]
[PlyCount "82"]
[EventDate "2013.01.11"]

1. e4 d6 2. d4 Nf6 3. Nc3 e5 4. dxe5 dxe5 5. Qxd8+ Kxd8 6. Nf3 Bd6 7. b3 Nc6 8.
Bb2 Bg4 9. O-O-O Nd4 10. Rd3 c5 11. Ng5 Ke7 12. Nd5+ Nxd5 13. exd5 Bf5 14. c3
e4 (14... Bxd3 15. Bxd3 f6 16. cxd4 $14) 15. Rg3 Bxg3 16. hxg3 h6 (16... Rac8)
17. d6+ Kf6 18. cxd4 Kxg5 19. dxc5 $14 Rac8 20. b4 Kg6 21. Be2 Be6 22. Rh4 f5
23. a3 Rhd8 24. Kd2 Kh7 25. f3 Bd5 $2 26. fxe4 Bxe4 27. g4 g5 28. Rh1 Rf8 29.
gxf5 Rxf5 30. Bd4 (30. Ke3) 30... Rd5 31. Ke3 Bg6 (31... Bxg2) 32. Bf6 Rf8 33.
Bc4 Rf5 34. Be7 Re5+ 35. Kd4 Re4+ {Diagrama #} 36. Kd5 $4 (36. Kc3 $16) 36...
Rff4 37. d7 Rd4+ 38. Ke5 Rxd7 $19 39. Ke6 Rxe7+ 40. Kxe7 Rxc4 41. Rd1 Be4 0-1

[Event "XXXVIII Abierto Internacional "]
[Site "Sevilla (SPAIN)"]
[Date "2013.01.16"]
[Round "6.1"]
[White "BRUNO, Fabio"]
[Black "HASLINGER, Stewart G"]
[Result "0-1"]
[WhiteElo "2434"]
[BlackElo "2535"]
[Annotator "Montecatine,R"]
[PlyCount "114"]
[EventDate "2013.01.11"]

1. d4 d5 2. Nf3 Nf6 3. c4 e6 4. Nc3 Be7 5. cxd5 exd5 6. Bg5 c6 7. Qc2 g6 8. e3
Bf5 9. Bd3 Bxd3 10. Qxd3 Nbd7 11. O-O O-O 12. h3 Re8 13. Bf4 a5 14. Qc2 Nb6 15.
b3 Bd6 16. Bg5 Be7 17. Bxf6 Bxf6 18. Rad1 Be7 19. Ne1 Bd6 20. Nd3 Qe7 21. a4
Nd7 22. Rb1 f5 23. Rbe1 Nf6 24. f4 Bb4 25. Nxb4 Qxb4 26. Na2 Qe7 27. Nc1 Ra6
28. Nd3 Ne4 29. Rb1 Rb6 30. Rfe1 Kg7 31. Nf2 Nxf2 32. Kxf2 h5 33. Kg1 Qb4 34.
Kf2 Re4 35. g4 fxg4 36. hxg4 Qe7 $6 (36... hxg4 37. Qd1 c5 $17) 37. gxh5 Qh4+
38. Ke2 Qxh5+ 39. Kd2 Rb4 {Diagrama #} 40. Re2 $2 (40. Qd3 $11) 40... Rbxd4+
41. Kc1 Qf3 42. Kb2 Rxe3 43. Rbe1 Rde4 44. Rxe3 Rxe3 45. Rxe3 Qxe3 46. Qh2 d4
47. f5 gxf5 48. Qc7+ Kg6 49. Qxb7 Qc3+ 50. Ka2 d3 51. Qd7 d2 52. Qd6+ Kg5 53.
Qe7+ Kg4 54. Qe2+ Kg3 55. Qh5 Qc2+ 56. Ka3 Qc1+ 57. Ka2 d1=Q 0-1

[Event "XXXVIII Abierto Internacional "]
[Site "Sevilla (SPAIN)"]
[Date "2013.01.16"]
[Round "6.4"]
[White "MIRZOEV, Azer"]
[Black "TERAN ALVAREZ, Ismael"]
[Result "1-0"]
[WhiteElo "2547"]
[BlackElo "2399"]
[Annotator "Montecatine,R"]
[PlyCount "74"]
[EventDate "2013.01.11"]

1. d4 e6 2. Nf3 f5 3. c4 Nf6 4. Nc3 Bb4 5. Qb3 a5 6. e3 O-O 7. Be2 b6 8. O-O
Bb7 9. Nb5 c6 10. Nc3 d5 11. a3 Be7 12. Ng5 Bc8 13. Bd2 h6 14. Nh3 Bd6 15. Nf4
Re8 16. Rfd1 Ba6 17. g3 g5 18. Ng2 Kg7 19. Qa4 Ra7 20. f3 Rd7 21. cxd5 Bxe2 22.
Nxe2 cxd5 23. Nc3 e5 24. dxe5 Bxe5 25. Nb5 Na6 26. Qc2 Nc7 27. Nxc7 Rxc7 28.
Qxf5 Bxb2 29. Rab1 Bc3 30. h4 Re5 31. Qd3 Bxd2 32. Rxd2 g4 (32... Qd6) 33. fxg4
Nxg4 34. Qd4 Qc8 35. Rxb6 Rc1+ (35... Rc4 36. Qd3 Qf5 $11) 36. Rd1 Rxd1+ (36...
Qc4) 37. Qxd1 {Diagrama #} Nf6 $16 {tiempo} 1-0

[Event "XXXVIII Abierto Internacional "]
[Site "Sevilla (SPAIN)"]
[Date "2013.01.16"]
[Round "6.20"]
[White "SANTOS RUIZ, Miguel"]
[Black "MONTERO MELENDEZ, Rafael"]
[Result "1/2-1/2"]
[WhiteElo "2078"]
[BlackElo "2316"]
[Annotator "Montecatine,R"]
[PlyCount "119"]
[EventDate "2013.01.11"]

1. e4 e5 2. Nf3 Nc6 3. Bb5 a6 4. Ba4 Nf6 5. O-O Be7 6. d3 d6 7. c3 O-O 8. Nbd2
b5 9. Bc2 d5 10. Qe2 dxe4 11. dxe4 Be6 12. a4 b4 13. Nc4 Nd7 14. a5 f6 15. Ba4
Na7 16. Rd1 Qc8 17. Ne3 Nc5 18. Nd5 Bd8 (18... Bxd5) 19. Be3 Nxa4 20. Rxa4 bxc3
21. bxc3 c6 22. Nb6 Bxb6 23. axb6 Nb5 $16 24. Qb2 Rd8 25. Rda1 Nd6 26. Nd2 Rd7
27. c4 c5 28. f3 Qc6 29. Ra5 Nb7 30. Rxa6 Rad8 31. Ra8 $18 Nd6 32. Rxd8+ Rxd8
33. Ra5 Nb7 34. Ra7 Rd3 35. Kf2 Rd6 36. Qb3 Qd7 37. Ke1 h5 38. Qb2 Qc6 39. Qb3
Qd7 40. Bxc5 Rxd2 41. Rxb7 Qc8 {Diagrama #} (41... Qxb7 42. Kxd2) 42. Rb8 (42.
Rc7 Qd8 43. b7) 42... Qxb8 43. Kxd2 Qb7 44. Qa4 Bd7 45. Qa7 Bc6 46. Qxb7 Bxb7
47. Kc3 Kf7 48. Kb4 Ke6 49. Kb5 g6 50. Bf2 f5 51. c5 Kd7 52. exf5 gxf5 53. Be3
f4 54. Bc1 e4 55. fxe4 Bxe4 56. Ka6 Kc8 57. Bxf4 Bxg2 58. h4 Bf3 59. b7+ Bxb7+
60. Kb6 1/2-1/2

[Event "XXXVIII Abierto Internacional "]
[Site "Sevilla (SPAIN)"]
[Date "2013.01.17"]
[Round "7.5"]
[White "ESTREMERA PANOS, Sergio"]
[Black "BARUA, Dibyendu"]
[Result "1/2-1/2"]
[WhiteElo "2367"]
[BlackElo "2413"]
[Annotator "Montecatine,R"]
[PlyCount "20"]
[EventDate "2013.01.11"]

1. d4 Nf6 2. c4 e6 3. g3 d5 4. Nf3 Be7 5. Bg2 O-O 6. O-O dxc4 7. Qa4 a6 8. Qxc4
b5 9. Qc2 Bb7 10. Bd2 Be4 {Diagrama #} 1/2-1/2

[Event "XXXVIII Abierto Internacional "]
[Site "Sevilla (SPAIN)"]
[Date "2013.01.17"]
[Round "7.7"]
[White "DUCARMON, Quinten"]
[Black "IBARRA JEREZ, Jose Carlos"]
[Result "1-0"]
[WhiteElo "2405"]
[BlackElo "2538"]
[Annotator "Montecatine,R"]
[PlyCount "53"]
[EventDate "2013.01.11"]

1. e4 c5 2. Nf3 e6 3. d4 cxd4 4. Nxd4 Bc5 5. Be3 $14 d6 6. Nc3 a6 7. Qg4 g6 8.
Qg3 Nf6 9. O-O-O Nbd7 (9... e5 10. Nb3 Bxe3+ 11. Qxe3 Nc6 12. Qd2 Be6 13. Qxd6
Qxd6 14. Rxd6 Ke7 15. Rd2 Bxb3 16. axb3 Rhd8 $14) 10. Nde2 (10. Be2) 10...
Bxe3+ (10... Qe7) 11. Qxe3 Qc7 12. Nd4 (12. Qd2) (12. Qf4) 12... Ke7 (12... O-O
) 13. Be2 $14 b5 14. a3 $6 $14 (14. Nd5+ $1 Nxd5 (14... exd5 15. Nc6+ Kf8 16.
Qh6+ Ke8 17. exd5 $18) 15. exd5 e5 16. Nc6+ Kf6 17. Qh6 $16) 14... Bb7 15. g4
e5 16. g5 Nh5 17. Nf5+ gxf5 18. Bxh5 f4 (18... h6 19. exf5 Bxh1 20. Rxh1 Qc5
21. Qg3 $16) 19. Qh3 $16 {Diagrama #} Rhg8 (19... Rag8 20. Qf5 Rg7 21. h4 $16 (
21. Rd2 h6)) 20. Qf5 $18 Rg7 21. Rd2 Rd8 22. Rhd1 Rg6 23. Rxd6 Bc6 24. Nd5+
Kxd6 25. Nxc7+ Kxc7 26. Bxg6 fxg6 27. Qe6 1-0

[Event "XXXVIII Abierto Internacional "]
[Site "Sevilla (SPAIN)"]
[Date "2013.01.17"]
[Round "7.10"]
[White "SERRANO SALVADOR, Eduardo"]
[Black "CAMPORA, Daniel H"]
[Result "1/2-1/2"]
[WhiteElo "2349"]
[BlackElo "2490"]
[Annotator "Montecatine,R"]
[PlyCount "71"]
[EventDate "2013.01.11"]

1. d4 Nf6 2. Nf3 d5 3. Bg5 Nbd7 4. e3 h6 5. Bh4 Ne4 6. Nfd2 Nd6 7. c4 Nf5 8.
Bg3 Nxg3 9. hxg3 e6 10. Nc3 c6 11. Bd3 Be7 12. f4 a6 13. Nf3 dxc4 14. Bxc4 b5
15. Bb3 c5 16. d5 Nb6 (16... c4 17. dxe6 fxe6 18. Bc2 O-O $11) 17. dxe6 Bxe6
18. Bxe6 Qxd1+ 19. Rxd1 fxe6 20. Ne5 $14 O-O 21. Nd7 (21. Ke2) 21... Nxd7 22.
Rxd7 Bf6 (22... Kf7) 23. Ke2 Rfd8 24. Rhd1 Rxd7 25. Rxd7 c4 (25... Rd8 26.
Rxd8+ Bxd8 27. a4 Bf6 28. axb5 axb5 29. Nxb5 Bxb2 30. Nd6 $16) 26. e4 Kf8 (
26... Rd8 $11) 27. e5 Be7 28. Ne4 Ke8 29. Rb7 Rd8 30. Rb6 Rd4 31. Nd2 (31. Nf2
$16) 31... g5 32. Rxe6 gxf4 33. gxf4 Rxf4 34. Rxa6 (34. Rxh6 Bc5 35. Nf3) 34...
Bg5 35. Nf3 $6 (35. Ra5 b4 36. Rc5 c3 37. bxc3 Rg4 38. Kf3 Rf4+ 39. Kg3 h5 40.
Nb3 $16) 35... Rg4 $14 36. Nxg5 {Diagrama #} (36. Kf2 Bc1 37. a4 b4 38. Ra8+
Ke7 39. a5 b3 40. Rb8 Bxb2 41. a6 c3 42. a7 Ra4 43. Rb7+ Ke6 44. Nd4+ Kxe5 45.
Nxb3 c2 $11) (36. Nxg5 Rxg2+ 37. Kf3 Rxg5 38. Ke4 Rg2 $11) 1/2-1/2

[Event "XXXVIII Abierto Internacional "]
[Site "Sevilla (SPAIN)"]
[Date "2013.01.17"]
[Round "7.16"]
[White "DAS, Arghyadip"]
[Black "DIAZ CASTRO, Sergio"]
[Result "1-0"]
[WhiteElo "2466"]
[BlackElo "2224"]
[Annotator "Montecatine,R"]
[PlyCount "53"]
[EventDate "2013.01.11"]

1. e4 g6 2. d4 Bg7 3. Nc3 d6 4. f4 c6 5. Nf3 Bg4 6. Be3 Qb6 7. Qd2 Bxf3 (7...
Nf6) (7... Nd7) 8. gxf3 e6 (8... Nd7) 9. O-O-O $16 d5 $6 (9... Qa5) 10. f5 $16
exf5 11. exf5 Nd7 12. Bg5 a5 {Diagrama #} (12... Bf6 $16) 13. Bh3 $18 Ngf6 14.
Rhe1+ Kf8 15. Qf4 Kg8 (15... h6) 16. fxg6 hxg6 17. Bxd7 Nxd7 18. Re7 Rf8 19.
Rxd7 f6 20. Na4 Qb4 21. Qc7 Rh7 22. Nc5 fxg5 23. a3 Qc4 24. Ne6 Be5 25. Qxe5
Rxd7 26. Nxf8 Kxf8 27. Re1 1-0